Hviezdičky sú marketingovým nástrojom

Zaraďovanie ubytovacích zariadení do jednotlivých kategórií a tried. Kritériá hodnotenia služieb hotelov. Zavedenie jednotnej klasifikácie hotelov a ubytovacích zariadení v ČR. Klasifikačné znaky na odlíšenie jednotlivých tried hotelov. Označovanie kategórií hotelov.

Salvato in:
Dettagli Bibliografici
Autore principale: Čimová, Denisa
Natura: Capitolo di libro
Lingua:slovacco
Soggetti:
Tags: Aggiungi Tag
Nessun Tag, puoi essere il primo ad aggiungerne!!

MARC

LEADER 00000naa$a2200000$$$4500
001 0001540
005 20230925123533.5
041 0 |a slo 
044 |a SK 
245 1 0 |a Hviezdičky sú marketingovým nástrojom  |c aut. Denisa Čimová 
520 |a Zaraďovanie ubytovacích zariadení do jednotlivých kategórií a tried. Kritériá hodnotenia služieb hotelov. Zavedenie jednotnej klasifikácie hotelov a ubytovacích zariadení v ČR. Klasifikačné znaky na odlíšenie jednotlivých tried hotelov. Označovanie kategórií hotelov. 
610 2 0 |a hotely 
610 2 0 |a zariadenia ubytovacie 
610 2 0 |a klasifikácia 
610 2 0 |a služby 
610 2 0 |a nástroje marketingové 
610 2 0 |a Česko 
100 1 |a Čimová, Denisa